[Event "Belgrade ChessAmateur op 5th"]
[Site "Belgrade"]
[Date "2019.01.06"]
[Round "4"]
[White "Srdanovic, Jovana"]
[Black "Shabanaj, Lefter"]
[Result "1-0"]
[WhiteElo "2157"]
[BlackElo "1674"]
[PlyCount "89"]
[EventDate "2019.01.04"]
[EventType "swiss"]
[EventRounds "9"]
[EventCountry "SRB"]
[SourceTitle "CBM 188 Extra"]
[Source "ChessBase"]
[SourceDate "2019.02.26"]
[SourceVersion "1"]
[SourceVersionDate "2019.02.26"]
[SourceQuality "1"]

1. d4 Nf6 2. c4 e6 3. Nc3 d5 4. Bg5 Nbd7 5. cxd5 exd5 6. e3 Be7 7. Bd3 0-0 8. Qc2 h6 9. Bh4 c6 10. Nf3 Re8 11. 0-0 Nf8 12. Ne5 Ng4 13. Bxe7 Rxe7 14. Nf3 Nf6 15. h3 Bd7 16. Ne5 Rc8 17. Qb3 b6 18. Rac1 Be6 19. Na4 Rec7 20. Ba6 b5 21. Nc5 Rb8 22. Nxe6 Nxe6 23. Nxc6 Rxc6 24. Rxc6 b4 25. Rfc1 Kh7 26. Bc8 Rb6 27. Bxe6 fxe6 28. Qd3+ g6 29. Rc7+ Nd7 30. Rxa7 h5 31. Rcc7 Rd6 32. Qb5 Kh6 33. Rxd7 Qb6 34. Qxb6 Rxb6 35. h4 g5 36. Rh7+ Kg6 37. Rag7+ Kf5 38. f3 gxh4 39. Rxh5+ Kf6 40. Rc7 Ra6 41. Rb7 Rxa2 42. Rxb4 Ra1+ 43. Kf2 Rc1 44. Rxh4 Rc2+ 45. Kg3 1-0

[Event "Belgrade ChessAmateur op 5th"]
[Site "Belgrade"]
[Date "2019.01.04"]
[Round "1"]
[White "Shabanaj, Lefter"]
[Black "Radeva, Viktoria"]
[Result "0-1"]
[WhiteElo "1674"]
[BlackElo "2196"]
[PlyCount "90"]
[EventDate "2019.01.04"]
[EventType "swiss"]
[EventRounds "9"]
[EventCountry "SRB"]
[SourceTitle "CBM 188 Extra"]
[Source "ChessBase"]
[SourceDate "2019.02.26"]
[SourceVersion "1"]
[SourceVersionDate "2019.02.26"]
[SourceQuality "1"]

1. b4 d5 2. Bb2 e6 3. b5 Nf6 4. e3 Be7 5. Nf3 0-0 6. c4 c6 7. a4 Nbd7 8. Be2 a6 9. 0-0 Nc5 10. d4 Nce4 11. Nc3 Nxc3 12. Bxc3 Ne4 13. Bb2 dxc4 14. Bxc4 Nd6 15. Qd3 axb5 16. axb5 Rxa1 17. Bxa1 Nxc4 18. Qxc4 Bd7 19. bxc6 Bxc6 20. Ne5 Bd5 21. Qc3 Bd6 22. f4 b5 23. Re1 Qa8 24. Qb2 Rc8 25. Nd7 Ba3 26. Qd2 Qa7 27. Ne5 Qa4 28. Qd1 Qxd1 29. Rxd1 b4 30. Nd7 Rc2 31. Nb6 Rxg2+ 32. Kf1 Rxh2 33. Nxd5 exd5 34. e4 b3 35. Rd3 Rh1+ 36. Ke2 Rxa1 37. Rxb3 dxe4 38. d5 Bd6 39. Rb6 Bxf4 40. d6 Ra2+ 41. Kf1 Ra8 42. d7 Rd8 43. Rb4 f5 44. Rb7 Kf8 45. Ke2 Ke7 0-1

[Event "Teteven op 32nd"]
[Site "Teteven"]
[Date "2018.08.19"]
[Round "9"]
[White "Varbanov, Varban"]
[Black "Shabanaj, Lefter"]
[Result "1-0"]
[WhiteElo "2030"]
[BlackElo "1706"]
[PlyCount "73"]
[EventDate "2018.08.11"]
[EventType "swiss"]
[EventRounds "9"]
[EventCountry "BUL"]
[SourceTitle "CBM 186 Extra"]
[Source "ChessBase"]
[SourceDate "2018.08.24"]
[SourceVersion "1"]
[SourceVersionDate "2018.08.24"]
[SourceQuality "1"]

1. d4 Nf6 2. c4 e6 3. Nc3 Be7 4. Nf3 d5 5. Bg5 0-0 6. e3 Nbd7 7. Qc2 b6 8. cxd5 exd5 9. Bd3 h6 10. Bh4 Bb7 11. 0-0 c5 12. Rac1 c4 13. Bf5 Re8 14. Qe2 a6 15. Bb1 b5 16. a3 Nf8 17. Ne5 Ne4 18. Bxe7 Nxc3 19. Rxc3 Qxe7 20. Qh5 a5 21. e4 f6 22. Ng6 Nxg6 23. Qxg6 Qf7 24. Qf5 g6 25. Qh3 dxe4 26. Qxh6 Qh7 27. Qf4 Re6 28. Rg3 Rae8 29. Qf5 Kf7 30. Qxb5 Ba6 31. Qxa5 f5 32. Re1 R8e7 33. Ba2 Qg7 34. Qc5 Kf6 35. d5 Rc7 36. Qd4+ Re5 37. f4 1-0

[Event "Teteven op 32nd"]
[Site "Teteven"]
[Date "2018.08.15"]
[Round "5"]
[White "Krastev, Krasimir"]
[Black "Shabanaj, Lefter"]
[Result "0-1"]
[WhiteElo "1873"]
[BlackElo "1706"]
[PlyCount "80"]
[EventDate "2018.08.11"]
[EventType "swiss"]
[EventRounds "9"]
[EventCountry "BUL"]
[SourceTitle "CBM 186 Extra"]
[Source "ChessBase"]
[SourceDate "2018.08.24"]
[SourceVersion "1"]
[SourceVersionDate "2018.08.24"]
[SourceQuality "1"]

1. d4 e6 2. c4 Nf6 3. Nf3 b6 4. g3 Bb7 5. Bg2 Be7 6. Nc3 c6 7. e4 d5 8. e5 Nfd7 9. cxd5 exd5 10. 0-0 0-0 11. Re1 Na6 12. Ne2 Nc7 13. Nf4 Ne6 14. Nxe6 fxe6 15. Bh3 c5 16. Bxe6+ Kh8 17. Be3 cxd4 18. Bxd4 Nc5 19. Bh3 Qe8 20. e6 Qh5 21. Bg2 Qf5 22. Re5 Qd3 23. Qxd3 Nxd3 24. Re3 Nc5 25. Nd2 Rae8 26. Rae1 Bg5 27. f4 Bf6 28. Bxf6 Rxf6 29. Nb3 Rfxe6 30. Rxe6 Rxe6 31. Rd1 Nxb3 32. axb3 Rd6 33. Rd4 g6 34. Kf2 Kg7 35. b4 a6 36. Ke3 Kf6 37. Rd2 h6 38. Kd4 h5 39. h4 Ke7 40. Bh3 Kf6 0-1

[Event "Teteven op 32nd"]
[Site "Teteven"]
[Date "2018.08.13"]
[Round "3"]
[White "Shentov, Petar Delian"]
[Black "Shabanaj, Lefter"]
[Result "1-0"]
[WhiteElo "1937"]
[BlackElo "1706"]
[PlyCount "37"]
[EventDate "2018.08.11"]
[EventType "swiss"]
[EventRounds "9"]
[EventCountry "BUL"]
[SourceTitle "CBM 186 Extra"]
[Source "ChessBase"]
[SourceDate "2018.08.24"]
[SourceVersion "1"]
[SourceVersionDate "2018.08.24"]
[SourceQuality "1"]

1. e4 e6 2. d3 d5 3. Nd2 Nf6 4. g3 c5 5. Bg2 Nc6 6. Ngf3 Be7 7. 0-0 0-0 8. Re1 b6 9. e5 Nd7 10. Nf1 Ba6 11. h4 g6 12. Bh6 Re8 13. N1h2 Bf8 14. Qd2 Bg7 15. Ng4 f5 16. exf6 Nxf6 17. Bg5 Qe7 18. Re2 Qf7 19. Bxf6 1-0

[Event "EU-ch Amateur U2000"]
[Site "Niksic"]
[Date "2018.06.16"]
[Round "4"]
[White "Shabanaj, Lefter"]
[Black "Nagy, Laszlo3333"]
[Result "0-1"]
[WhiteElo "1715"]
[BlackElo "1974"]
[PlyCount "110"]
[EventDate "2018.06.14"]
[EventType "swiss"]
[EventRounds "9"]
[EventCountry "MNE"]
[SourceTitle "EXT 2019"]
[Source "ChessBase"]
[SourceDate "2018.10.10"]
[SourceVersion "1"]
[SourceVersionDate "2018.10.10"]
[SourceQuality "1"]

1. d4 Nf6 2. c4 c5 3. d5 g6 4. g3 Bg7 5. Bg2 0-0 6. Nf3 d6 7. 0-0 e6 8. Nc3 exd5 9. cxd5 Na6 10. h3 Rb8 11. a4 Nc7 12. Nd2 b6 13. e4 a6 14. Re1 b5 15. axb5 axb5 16. Qc2 Re8 17. Nf1 Nfxd5 18. Nxd5 Nxd5 19. Rd1 Nb4 20. Qd2 Bd4 21. Ra3 Rb6 22. Rb3 Bg7 23. Rxb4 cxb4 24. Qxb4 Bf8 25. Be3 Rb8 26. Qd4 Be6 27. b4 Bb3 28. Rc1 Rc8 29. Qb2 Rxc1 30. Bxc1 Be6 31. Be3 Bg7 32. Bd4 Bxd4 33. Qxd4 Qe7 34. Ne3 Rc8 35. Kh2 h5 36. f4 Bc4 37. f5 Qe5 38. Qd2 Ra8 39. fxg6 fxg6 40. h4 Ra2 41. Qc1 Qa1 42. Qxa1 Rxa1 43. Nxc4 bxc4 44. e5 dxe5 45. Bd5+ Kg7 46. Bxc4 Ra4 47. Kg2 Rxb4 48. Be2 Kf6 49. Kf2 Rb2 50. Kf3 Rb3+ 51. Kf2 Kf5 52. Kg2 Rb2 53. Kf2 Rxe2+ 54. Kxe2 Kg4 55. Kf2 e4 0-1

[Event "FRM-ch"]
[Site "Ohrid"]
[Date "2017.08.20"]
[Round "8"]
[White "Shabanaj, Lefter"]
[Black "Dashi, Vasillaq"]
[Result "0-1"]
[WhiteElo "1705"]
[BlackElo "1802"]
[PlyCount "64"]
[EventDate "2017.08.13"]
[EventType "swiss"]
[EventRounds "9"]
[EventCountry "MKD"]
[SourceTitle "CBM 180 Extra"]
[Source "ChessBase"]
[SourceDate "2017.10.06"]
[SourceVersion "1"]
[SourceVersionDate "2017.10.06"]
[SourceQuality "1"]

1. d4 d6 2. c4 Nd7 3. Nc3 e5 4. d5 f5 5. e4 Nc5 6. f3 a5 7. g3 fxe4 8. Nxe4 Nxe4 9. fxe4 Nf6 10. Bg5 Be7 11. Qe2 0-0 12. Bg2 Nxd5 13. Bxe7 Nxe7 14. 0-0-0 Nc6 15. Nf3 Bg4 16. Qe3 Bxf3 17. Bxf3 Nd4 18. Bg2 c5 19. h4 a4 20. h5 h6 21. Kb1 b5 22. cxb5 Nxb5 23. Bf1 Nd4 24. Bc4+ Kh8 25. Rhf1 Qb6 26. g4 Qb4 27. Qc3 Rfb8 28. Qxb4 Rxb4 29. Bd5 Rab8 30. Rf2 Rd8 31. Rdf1 Rbb8 32. Rg1 Rf8 0-1

[Event "FRM-ch op 25th"]
[Site "Struga"]
[Date "2016.07.19"]
[Round "4"]
[White "Shabanaj, Lefter"]
[Black "Kostadinovski, Zoran"]
[Result "1/2-1/2"]
[WhiteElo "1678"]
[BlackElo "1954"]
[PlyCount "119"]
[EventDate "2016.07.16"]
[EventType "swiss"]
[EventRounds "9"]
[EventCountry "MKD"]
[SourceTitle "CBM 173 Extra"]
[Source "ChessBase"]
[SourceDate "2016.08.29"]
[SourceVersion "1"]
[SourceVersionDate "2016.08.29"]
[SourceQuality "1"]

1. d4 Nf6 2. c4 c5 3. d5 d6 4. Nc3 g6 5. e4 Bg7 6. f3 0-0 7. Be3 Qa5 8. Qd2 h5 9. Bd3 Nbd7 10. Nge2 Ne5 11. 0-0 a6 12. h3 Bd7 13. f4 Nxd3 14. Qxd3 Ne8 15. f5 gxf5 16. exf5 Nf6 17. Bg5 Rfe8 18. Nf4 Nh7 19. Bh4 Be5 20. Nxh5 Kh8 21. f6 e6 22. Ng7 Rg8 23. dxe6 fxe6 24. Nh5 Qd8 25. f7 Qxh4 26. fxg8Q+ Rxg8 27. Rf7 Qxh5 28. Rxd7 Rg3 29. Rxh7+ Qxh7 30. Qxh7+ Kxh7 31. Rc1 Kg6 32. Rc2 Rd3 33. Kf1 Kf7 34. Rf2+ Ke7 35. Rf3 Rd4 36. b3 Rd2 37. a4 d5 38. cxd5 exd5 39. h4 Rd4 40. g3 Ke6 41. h5 Rg4 42. Ne2 Rg5 43. Re3 Kd6 44. g4 Rxg4 45. Rh3 b5 46. axb5 axb5 47. h6 c4 48. bxc4 dxc4 49. h7 Bh8 50. Rh6+ Kc5 51. Kf2 c3 52. Kf3 Rc4 53. Nf4 Rxf4+ 54. Kxf4 c2 55. Rh1 Kc4 56. Ke3 Kc3 57. Rf1 b4 58. Ke2 Kb2 59. Kd3 b3 60. Kc4 1/2-1/2

[Event "FRM-ch op 25th"]
[Site "Struga"]
[Date "2016.07.18"]
[Round "3"]
[White "Kochevski, Kiril"]
[Black "Shabanaj, Lefter"]
[Result "0-1"]
[WhiteElo "1340"]
[BlackElo "1678"]
[PlyCount "94"]
[EventDate "2016.07.16"]
[EventType "swiss"]
[EventRounds "9"]
[EventCountry "MKD"]
[SourceTitle "CBM 173 Extra"]
[Source "ChessBase"]
[SourceDate "2016.08.29"]
[SourceVersion "1"]
[SourceVersionDate "2016.08.29"]
[SourceQuality "1"]

1. d4 e6 2. e3 Nf6 3. Nf3 b6 4. Bd3 Bb7 5. b3 d5 6. Nbd2 Bd6 7. Bb2 0-0 8. 0-0 Nbd7 9. Ne5 c5 10. f4 a6 11. a4 Ne4 12. Rf3 f5 13. Rh3 Ndf6 14. Qe1 Rc8 15. Qh4 Nxd2 16. g4 Bxe5 17. dxe5 Nxg4 18. Qxh7+ Kf7 19. Qh5+ Ke7 20. Qg5+ Kd7 21. Qxg7+ Qe7 22. Qxe7+ Kxe7 23. Rh7+ Rf7 24. Rh3 Rg8 25. Rd1 Nxe3+ 26. Kf2 Nxd1+ 27. Ke2 Nxb2 28. Kxd2 Nxd3 29. Kxd3 Rgg7 30. Rh8 Rf8 31. Rh3 Bc6 32. c3 b5 33. a5 c4+ 34. bxc4 bxc4+ 35. Kd4 Rff7 36. Kc5 Bb5 37. Rh6 Rg4 38. h4 Rxf4 39. h5 Rh4 40. Rh8 f4 41. Kd4 f3+ 42. Ke3 f2 43. Rh7 f1Q 44. Rxf7+ Qxf7 45. h6 Rxh6 46. Ke2 Rh3 47. Ke1 Rh2 0-1

[Event "FRM-ch op 24th"]
[Site "Struga"]
[Date "2015.08.22"]
[Round "1"]
[White "Nikolovski, Nikola"]
[Black "Shabanaj, Lefter"]
[Result "1-0"]
[WhiteElo "2235"]
[BlackElo "1653"]
[PlyCount "63"]
[EventDate "2015.08.22"]
[EventType "swiss"]
[EventRounds "9"]
[EventCountry "MKD"]
[SourceTitle "EXT 2016"]
[Source "ChessBase"]
[SourceDate "2015.10.08"]
[SourceVersion "1"]
[SourceVersionDate "2015.10.08"]
[SourceQuality "1"]

1. e4 e6 2. d4 d5 3. Nd2 Nf6 4. e5 Nfd7 5. f4 c5 6. c3 Nc6 7. Ndf3 Qb6 8. g3 cxd4 9. cxd4 Bb4+ 10. Kf2 0-0 11. Kg2 f6 12. Bd3 g6 13. Ne2 Kg7 14. Rf1 Be7 15. h4 h5 16. Bd2 a6 17. Bc3 Qd8 18. exf6+ Nxf6 19. Bc2 Qe8 20. Ne5 Nxe5 21. fxe5 Ng4 22. Qd3 Bd7 23. Nf4 Rf5 24. Qd2 Bb5 25. Nxe6+ Kf7 26. Rxf5+ Kxe6 27. Rf3 Qg8 28. a4 Bc6 29. Bb4 Rd8 30. Raf1 Bxb4 31. Qxb4 Rd7 32. Rf6+ 1-0